书目信息 |
| 题名: |
大学人文精神构架
|
|
| 作者: | 张楚廷 著 | |
| 分册: | ||
| 出版信息: | 长沙 湖南师范大学出版社 1996.08 |
|
| 页数: | 342页 | |
| 开本: | 32开 | |
| 丛书名: | ||
| 单 册: | ||
| 中图分类: | ||
| 科图分类: | ||
| 主题词: | 各级 | |
| 电子资源: | ||
| ISBN: | 7-81031-514-5 | |
| 000 | 00556nam0 2200205 45 | |
| 001 | 9912081695 | |
| 005 | 19991208160103.7 | |
| 010 | @a7-81031-514-5@d12.00元 | |
| 100 | @a19991208d1996 km y0chiy0120 ea | |
| 101 | @achi | |
| 105 | @a z 000yy | |
| 200 | 1 | @a大学人文精神构架@ADa Xue Ren Wen Jing Shen Gou Jia@f张楚廷著@FZhang Chu Ting Zhu |
| 210 | @a长沙@c湖南师范大学出版社@d1996.08 | |
| 215 | @a342页@d32开 | |
| 606 | 0 | @x各级 |
| 690 | @v3 | |
| 690 | @aG64 | |
| 701 | @a张楚廷@4著 | |
| 801 | @aCN@bPFTUser@c19991208 | |
| 905 | @f1@b46024@dG64@eZH831 | |
| 大学人文精神构架/张楚廷著.-长沙:湖南师范大学出版社,1996.08 |
| 342页;32开 |
| ISBN 7-81031-514-5:12.00元 |
| ● |
| 相关链接 |
|
|
|
正题名:大学人文精神构架
索取号:G64/ZH831
 
预约/预借
| 序号 | 登录号 | 条形码 | 馆藏地/架位号 | 状态 | 备注 |
| 1 | 46024 | 200460241 | 社科库409/409社科库 9排3列4层/ [索取号:G64/ZH831] | 在馆 | |
| 2 | 47119 | 200471195 | 社科库409/409社科库 9排3列4层/ [索取号:G64/ZH831] | 在馆 |